<?xml version="1.0" encoding="UTF-8"?>
<marc:record xmlns:marc="http://www.loc.gov/MARC21/slim">
   <marc:leader>00000nam a2200000 a 4500</marc:leader>
   <marc:datafield ind1="1" ind2=" " tag="100">
      <marc:subfield code="a">Fermer, David</marc:subfield>
      <marc:subfield code="4">aut</marc:subfield>
      <marc:subfield code="e">Verfasser/-in</marc:subfield>
   </marc:datafield>
   <marc:datafield ind1=" " ind2=" " tag="653">
      <marc:subfield code="a">Jugendbücher ab 12 Jahre</marc:subfield>
   </marc:datafield>
   <marc:datafield ind1="0" ind2="0" tag="245">
      <marc:subfield code="a">Nonstop Fussball!</marc:subfield>
   </marc:datafield>
   <marc:datafield ind1="0" ind2="0" tag="245">
      <marc:subfield code="b">eine Geschichte, 2 Perspektiven, 2 Sprachen ; Englisch! - Deutsch!, Deutsch! - Englisch!</marc:subfield>
   </marc:datafield>
   <marc:datafield ind1=" " ind2="1" tag="264">
      <marc:subfield code="a">Stuttgart</marc:subfield>
      <marc:subfield code="b">Thienemann</marc:subfield>
      <marc:subfield code="c">2008</marc:subfield>
   </marc:datafield>
   <marc:datafield ind1="1" ind2=" " tag="520">
      <marc:subfield code="a">Angaben aus der Verlagsmeldung##Nonstop Fußball! / von David Fermer##Dennis wünscht sich nichts sehnlicher, als irgendwann für 1860 München zu spielen. Als sein Traum eines Tages in Reichweite rückt, rechnet er nicht damit, dass ausgerechnet sein neuer bester Kumpel - ein Junge aus England - ihm in die Quere kommen wird ...##Warren moves to Munich because his dad gets a job at FC Bayern Munich. Everything in Germany is different from England. Except for football. So when Warren joins his local football club, hes happy to meet Dennis. The two boys are not only a midfield dream team, they also become best friends. That is, until the first scouts turn up ##Eine Geschichte - zwei Perspektiven - zwei Sprachen!#Spannender Lesespaß auf Deutsch und Englisch!#Ab 12 Jahren</marc:subfield>
   </marc:datafield>
   <marc:datafield ind1=" " ind2=" " tag="020">
      <marc:subfield code="a">9783522179812</marc:subfield>
      <marc:subfield code="9">9783522179812</marc:subfield>
   </marc:datafield>
   <marc:datafield ind1=" " ind2=" " tag="041">
      <marc:subfield code="a">ger</marc:subfield>
   </marc:datafield>
   <marc:datafield ind1=" " ind2=" " tag="300">
      <marc:subfield code="a">199 S.</marc:subfield>
   </marc:datafield>
</marc:record>
